00000000nam 2200000zi 4500
0019.945258
003CaOODSP
00520241118094406
006m     o  d f      
007cr mn|||||||||
008241118s1972    onc     o    f000 0 fre d
040 |aCaOODSP|bfre|erda|cCaOODSP
043 |an-cn---
0861 |aCo41-1/5FF-PDF|zCo41-1/5FF
24500|aStructures institutionnelles visant le développement optimal des banques de données.
264 1|aOttawa : |bMinistère des communications, |c1972.
300 |a1 ressource en ligne (125 pages).
336 |atexte|btxt|2rdacontent/fre
337 |ainformatique|bc|2rdamedia/fre
338 |aressource en ligne|bcr|2rdacarrier/fre
4901 |aTélécommission étude ; |v5(f)
500 |aPublié aussi en anglais sous le titre : Institutional arrangements for optimizing developments of the data banks in the public interest.
500 |aÉdition numérisée de l'imprimé [par Innovation, sciences et développement économique Canada].
650 6|aCentres de traitement de l'information|zCanada.
650 6|aServices d'information|zCanada.
650 6|aSystèmes d'information.
7101 |aMinistère des communications, |eorganisme de publication.
77508|tInstitutional arrangements for optimizing developments of the data banks in the public interest.|w(CaOODSP)9.945256
830#0|aTélécommission étude ;|v5(f).|w(CaOODSP)9.927948
85640|qPDF|s2.50 Mo|uhttps://publications.gc.ca/collections/collection_2024/isde-ised/co41-1/Co41-1-5F-fra.pdf